000
00228 a2200097 4500
001
30391
100
_a
Man, Burns Mantle
245
_a
The best plays of 1944-1945
260
_a
Newyork
_b
Dodd Mead & Co
_c
090
_c
20343
_d
20343
942
_a
NUST-CAE
_c
M
_c
11496
999
_c
265464
_d
265464